Principios de circuitos eléctricos
Uloženo v:
| Hlavní autor: | |
|---|---|
| Médium: | Kniha |
| Jazyk: | španělština |
| Vydáno: |
Ciudad de México
Pearson Educación
2007
|
| Vydání: | 8a. ed |
| Témata: | |
| Tagy: |
Přidat tag
Žádné tagy, Buďte první, kdo vytvoří štítek k tomuto záznamu!
|
MARC
| LEADER | 00000nam a2200000 a 4500 | ||
|---|---|---|---|
| 001 | UCI5893 | ||
| 003 | CL-VaPUC | ||
| 008 | 080411e20070000MX |||||||||||||||||spa|d | ||
| 020 | |a 9789702609674 | ||
| 082 | 0 | 4 | |a 621.381 |b FLO |2 21 |
| 100 | 0 | |a Floyd, Thomas L |e author |9 528515 | |
| 245 | 1 | 0 | |a Principios de circuitos eléctricos |
| 250 | |a 8a. ed | ||
| 300 | |a 948 p | ||
| 942 | |c BK | ||
| 945 | |d 20080411 00:00:00 |a jtorresc | ||
| 260 | |a Ciudad de México |b Pearson Educación |c 2007 | ||
| 500 | |a Contiene un Cd-rom | ||
| 650 | 0 | |a Circuitos eléctricos |9 260262 | |
| 650 | 0 | |a Energía eléctrica |9 256678 | |
| 650 | 0 | |a Redes eléctricas |9 260139 | |
| 650 | 0 | |a Electromagnetismo |9 260123 | |
| 650 | 7 | |a POTENCIA ELECTRICA |2 CL-VaPUC |9 345463 | |
| 583 | |a last modification |c 20080411 00:00:00 |k Rodrigo Vera | ||
| 999 | |c 329535 |d 329533 | ||
| 952 | |0 0 |1 0 |2 ddc |4 0 |6 621_381000000000000_FLO_2007 |7 0 |8 A |9 414356 |a BIBING |b BIBING |c RES |d 2019-11-22 |i 4424700 |o 621.381 FLO 2007 |p 4424700 |r 2025-01-20 |w 2019-11-22 |y BK |k EIE | ||
| 952 | |0 0 |1 0 |2 ddc |4 0 |6 621_381000000000000_FLO_2007 |7 0 |8 A |9 414357 |a BIBING |b BIBING |c RES |d 2019-11-22 |i 4429567 |o 621.381 FLO 2007 |p 4429567 |r 2025-01-20 |w 2019-11-22 |y BK |k EIE | ||
| 952 | |0 0 |1 0 |2 ddc |4 0 |6 621_381000000000000_FLO_2007 |7 0 |8 A |9 414358 |a BIBING |b BIBING |c RES |d 2019-11-22 |i 4429575 |o 621.381 FLO 2007 |p 4429575 |r 2025-01-20 |w 2019-11-22 |y BK |k EIE | ||
| 952 | |0 0 |1 0 |2 ddc |4 0 |6 621_381000000000000_FLO_2007 |7 0 |8 A |9 414359 |a BIBING |b BIBING |c RES |d 2019-11-22 |i 4429583 |o 621.381 FLO 2007 |p 4429583 |r 2025-01-20 |w 2019-11-22 |y BK |k EIE | ||
| 952 | |0 0 |1 0 |2 ddc |4 0 |6 621_381000000000000_FLO_2007 |7 0 |8 A |9 414360 |a BIBING |b BIBING |c RES |d 2019-11-22 |i 4429591 |l 1 |o 621.381 FLO 2007 |p 4429591 |r 2025-01-20 |s 2022-04-19 |w 2019-11-22 |y BK |k EIE | ||
| 952 | |0 0 |1 0 |2 ddc |4 0 |6 621_381000000000000_FLO_2007 |7 0 |8 A |9 414361 |a BIBING |b BIBING |c RES |d 2019-11-22 |i 4429605 |l 2 |o 621.381 FLO 2007 |p 4429605 |r 2025-01-20 |s 2023-11-03 |w 2019-11-22 |y BK |k EIE | ||
| 952 | |0 0 |1 0 |2 ddc |4 0 |6 621_381000000000000_FLO_2007 |7 0 |8 A |9 414362 |a BIBING |b BIBING |c RES |d 2019-11-22 |i 4430026 |o 621.381 FLO 2007 |p 4430026 |r 2025-01-20 |w 2019-11-22 |y BK |k EIE | ||
| 952 | |0 0 |1 0 |2 ddc |4 0 |6 621_381000000000000_FLO_2007 |7 0 |8 A |9 414363 |a BIBING |b BIBING |c RES |d 2019-11-22 |i 448262K |o 621.381 FLO 2007 |p 448262K |r 2025-01-20 |w 2019-11-22 |y BK |k EIE | ||
| 952 | |0 0 |1 0 |2 ddc |4 0 |6 621_381000000000000_FLO_2007 |7 0 |8 A |9 414364 |a BIBING |b BIBING |c RES |d 2019-11-22 |i 448424K |l 3 |m 3 |o 621.381 FLO 2007 |p 448424K |r 2025-01-20 |s 2024-09-27 |w 2019-11-22 |y BK |k EIE | ||
| 952 | |0 0 |1 0 |2 ddc |4 0 |6 621_381000000000000_FLO_2007 |7 0 |8 A |9 414365 |a BIBING |b BIBING |c RES |d 2019-11-22 |i 4484231 |o 621.381 FLO 2007 |p 4484231 |r 2025-01-20 |w 2019-11-22 |y BK |k EIE | ||
| 952 | |0 0 |1 0 |2 ddc |4 0 |6 621_381000000000000_FLO_2007 |7 0 |8 A |9 414366 |a BIBING |b BIBING |c RES |d 2019-11-22 |i 4484223 |o 621.381 FLO 2007 |p 4484223 |r 2025-01-20 |w 2019-11-22 |y BK |k EIE | ||
| 952 | |0 0 |1 0 |2 ddc |4 0 |6 621_381000000000000_FLO_2007 |7 0 |8 A |9 414367 |a BIBING |b BIBING |c RES |d 2019-11-22 |i 4484215 |o 621.381 FLO 2007 |p 4484215 |r 2025-01-20 |w 2019-11-22 |y BK |k EIE | ||
| 952 | |0 0 |1 0 |2 ddc |4 0 |6 621_381000000000000_FLO_2007 |7 0 |8 A |9 414368 |a BIBING |b BIBING |c RES |d 2019-11-22 |i 4484207 |o 621.381 FLO 2007 |p 4484207 |r 2025-01-20 |w 2019-11-22 |y BK |k EIE | ||
| 952 | |0 0 |1 0 |2 ddc |4 0 |6 621_381000000000000_FLO_2007 |7 0 |8 A |9 414369 |a BIBING |b BIBING |c RES |d 2019-11-22 |i 4630386 |o 621.381 FLO 2007 |p 4630386 |r 2025-01-20 |w 2019-11-22 |y BK |k EIE | ||